[Event "MP do 16 lat - chlopcy"]
[Site "Sypniewo"]
[Date "2022.03.27"]
[Round "9.18"]
[White "Demski, Michal"]
[Black "Wilk, Igor"]
[Result "0-1"]
[BlackElo "1753"]
[WhiteElo "1678"]
[LiveChessVersion "1.4.8"]

1. d4 {[%clk 1:30:58]} d5 {[%clk 1:30:55]} 2. c4 {[%clk 1:31:23]} e6
{[%clk 1:31:21]} 3. Nf3 {[%clk 1:31:44]} Nf6 {[%clk 1:31:44]} 4. cxd5
{[%clk 1:32:10]} exd5 {[%clk 1:32:06]} 5. Nc3 {[%clk 1:32:35]} c6
{[%clk 1:32:16]} 6. Bg5 {[%clk 1:32:41]} Be7 {[%clk 1:32:38]} 7. e3
{[%clk 1:32:37]} O-O {[%clk 1:32:40]} 8. Bd3 {[%clk 1:32:23]} Re8
{[%clk 1:32:19]} 9. Bxf6 {[%clk 1:31:40]} Bxf6 {[%clk 1:32:33]} 10. O-O
{[%clk 1:30:26]} Nd7 {[%clk 1:30:14]} 11. b4 {[%clk 1:24:31]} Nf8
{[%clk 1:28:01]} 12. Qb3 {[%clk 1:14:58]} Be6 {[%clk 1:20:40]} 13. Na4
{[%clk 1:10:10]} b6 {[%clk 1:16:58]} 14. Rac1 {[%clk 1:05:04]} Rc8
{[%clk 1:16:53]} 15. Qb1 {[%clk 0:59:07]} Qd7 {[%clk 1:12:59]} 16. b5
{[%clk 0:49:49]} Re7 {[%clk 1:09:20]} 17. bxc6 {[%clk 0:43:27]} Rxc6
{[%clk 1:09:38]} 18. Bb5 {[%clk 0:43:14]} Rxc1 {[%clk 1:10:01]} 19. Rxc1
{[%clk 0:43:41]} Qd6 {[%clk 1:08:53]} 20. Nc3 {[%clk 0:36:32]} Rc7
{[%clk 1:07:15]} 21. Be2 {[%clk 0:33:38]} Qa3 {[%clk 1:06:16]} 22. Qc2
{[%clk 0:28:34]} Bf5 {[%clk 1:05:36]} 23. e4 {[%clk 0:19:43]} dxe4
{[%clk 1:04:09]} 24. Nd2 {[%clk 0:19:35]} e3 {[%clk 1:02:11]} 25. Ndb1
{[%clk 0:20:02]} Bxc2 {[%clk 1:02:21]} 26. Nxa3 {[%clk 0:20:27]} Rxc3
{[%clk 1:02:42]} 27. Nb5 {[%clk 0:20:28]} exf2+ {[%clk 1:01:41]} 28. Kxf2
{[%clk 0:20:32]} Bg5 {[%clk 0:58:17]} 0-1

[Event "MP do 16 lat - chlopcy"]
[Site "Sypniewo"]
[Date "2022.03.27"]
[Round "9.19"]
[White "Bancarewicz, Aleks"]
[Black "Pancewicz, Szymon"]
[Result "1/2-1/2"]
[BlackElo "1814"]
[WhiteElo "1870"]
[LiveChessVersion "1.4.8"]

1. e4 {[%clk 1:30:55]} c5 {[%clk 1:30:24]} 2. Nf3 {[%clk 1:31:05]} e6
{[%clk 1:30:39]} 3. d4 {[%clk 1:31:27]} cxd4 {[%clk 1:31:04]} 4. Nxd4
{[%clk 1:31:53]} Nc6 {[%clk 1:31:29]} 5. Nc3 {[%clk 1:31:57]} Qc7
{[%clk 1:31:32]} 6. Be3 {[%clk 1:29:18]} a6 {[%clk 1:30:34]} 7. Qf3
{[%clk 1:26:24]} Nf6 {[%clk 1:26:02]} 8. O-O-O {[%clk 1:13:13]} d6
{[%clk 1:20:07]} 9. Kb1 {[%clk 1:00:08]} Ne5 {[%clk 1:13:46]} 10. Qg3
{[%clk 0:56:56]} b5 {[%clk 1:09:08]} 11. Bd3 {[%clk 0:37:06]} Bb7
{[%clk 1:06:29]} 12. a3 {[%clk 0:34:06]} Nc4 {[%clk 0:59:24]} 13. Bc1
{[%clk 0:33:52]} Be7 {[%clk 0:50:49]} 14. f4 {[%clk 0:29:52]} O-O
{[%clk 0:46:57]} 15. Bxc4 {[%clk 0:23:31]} Qxc4 {[%clk 0:44:54]} 16. e5
{[%clk 0:22:14]} Nd5 {[%clk 0:41:32]} 17. Ne4 {[%clk 0:20:38]} dxe5
{[%clk 0:27:17]} 18. fxe5 {[%clk 0:21:03]} Kh8 {[%clk 0:25:14]} 19. Rhe1
{[%clk 0:13:25]} b4 {[%clk 0:22:08]} 20. a4 {[%clk 0:11:58]} Rab8
{[%clk 0:15:28]} 21. Nb3 {[%clk 0:05:31]} Rfc8 {[%clk 0:09:27]} 22. Qd3
{[%clk 0:04:10]} Qc6 {[%clk 0:08:27]} 23. Bg5 {[%clk 0:03:36]} Bf8
{[%clk 0:06:37]} 24. Be3 {[%clk 0:00:37]} h6 {[%clk 0:04:38]} 25. Bd4
{[%clk 0:00:40]} Qxa4 {[%clk 0:04:13]} 26. Nd6 {[%clk 0:00:44]} Rc7
{[%clk 0:03:45]} 27. Nc5 {[%clk 0:00:59]} Qc6 {[%clk 0:03:10]} 28. Ncxb7
{[%clk 0:00:47]} Rbxb7 {[%clk 0:03:19]} 29. Nxb7 {[%clk 0:01:07]} Rxb7
{[%clk 0:03:47]} 30. g4 {[%clk 0:00:34]} Be7 {[%clk 0:03:06]} 31. Rf1
{[%clk 0:00:34]} Bg5 {[%clk 0:02:51]} 32. Rf2 {[%clk 0:00:43]} Nc3+
{[%clk 0:01:34]} 33. Bxc3 {[%clk 0:00:54]} bxc3 {[%clk 0:01:56]} 34. b3
{[%clk 0:01:01]} Bd2 {[%clk 0:01:51]} 35. Qd8+ {[%clk 0:00:38]} Kh7
{[%clk 0:02:20]} 36. Qd3+ {[%clk 0:01:07]} Kg8 {[%clk 0:02:34]} 37. Qd8+
{[%clk 0:00:33]} Kh7 {[%clk 0:02:50]} 38. Qd3+ {[%clk 0:00:32]} Kg8 39. Rdf1 Qc5
40. Qd8+ Qc6 41. Qd3 Qc5 42. Qd8+ Kh7 43. Rxf7 Rxf7 44. Rxf7 Qa3 45. Qd3+ Kg8
1/2-1/2

[Event "MP do 16 lat - chlopcy"]
[Site "Sypniewo"]
[Date "2022.03.27"]
[Round "9.20"]
[White "Madajczak, Piotr"]
[Black "Wesolek, Krzysztof"]
[Result "1-0"]
[BlackElo "1651"]
[WhiteElo "1902"]
[LiveChessVersion "1.4.8"]

1. f4 {[%clk 1:30:58]} e5 {[%clk 1:30:33]} 2. fxe5 {[%clk 1:31:21]} d6
{[%clk 1:30:59]} 3. exd6 {[%clk 1:31:45]} Nf6 {[%clk 1:31:26]} 4. Nf3
{[%clk 1:28:26]} Bxd6 {[%clk 1:31:51]} 5. d3 {[%clk 1:24:29]} Ng4
{[%clk 1:30:38]} 6. Bg5 {[%clk 0:47:11]} f6 {[%clk 1:30:30]} 7. Bh4
{[%clk 0:46:21]} g5 {[%clk 1:25:55]} 8. Bf2 {[%clk 0:46:16]} Nxf2
{[%clk 1:26:10]} 9. Kxf2 {[%clk 0:46:41]} g4 {[%clk 1:23:09]} 10. Ne1
{[%clk 0:42:54]} Bxh2 {[%clk 1:09:09]} 11. g3 {[%clk 0:36:07]} Bxg3+
{[%clk 1:09:34]} 12. Kxg3 {[%clk 0:35:43]} h5 {[%clk 1:02:12]} 13. Rh4
{[%clk 0:24:54]} Qd6+ {[%clk 1:00:37]} 14. Kg2 {[%clk 0:25:09]} Qd5+
{[%clk 0:41:07]} 15. Kg1 {[%clk 0:22:35]} Nc6 {[%clk 0:31:40]} 16. Nc3
{[%clk 0:18:25]} Qe5 {[%clk 0:30:29]} 17. Qd2 {[%clk 0:16:25]} Nd4
{[%clk 0:28:49]} 18. Ng2 {[%clk 0:14:40]} Nf5 {[%clk 0:24:01]} 19. Rh1
{[%clk 0:14:10]} h4 {[%clk 0:14:20]} 20. Qf4 {[%clk 0:11:32]} h3 {[%clk 0:07:59]}
21. Qxe5+ {[%clk 0:08:52]} fxe5 {[%clk 0:08:03]} 22. Nd5 {[%clk 0:06:33]} Kf7
{[%clk 0:02:04]} 23. Nge3 {[%clk 0:06:50]} Nxe3 {[%clk 0:00:57]} 24. Nxe3
{[%clk 0:07:15]} Be6 {[%clk 0:01:11]} 25. Kh2 {[%clk 0:07:05]} Kg6
{[%clk 0:00:31]} 26. Kg3 {[%clk 0:07:28]} Kg5 {[%clk 0:00:40]} 27. Rd1
{[%clk 0:02:36]} Rad8 {[%clk 0:00:43]} 28. b3 {[%clk 0:02:16]} c5
{[%clk 0:00:56]} 29. Re1 {[%clk 0:02:05]} b5 {[%clk 0:00:35]} 30. Nd1
{[%clk 0:02:13]} a5 {[%clk 0:00:34]} 31. Nc3 {[%clk 0:01:37]} Bd5
{[%clk 0:00:36]} 32. Nxd5 {[%clk 0:01:51]} Rxd5 {[%clk 0:01:05]} 33. Bg2
{[%clk 0:02:03]} Rd6 {[%clk 0:00:54]} 34. Be4 {[%clk 0:02:18]} Rf6
{[%clk 0:01:07]} 35. Ref1 {[%clk 0:02:16]} Rhf8 {[%clk 0:01:27]} 36. Rxf6
{[%clk 0:02:26]} Rxf6 {[%clk 0:01:54]} 37. c3 {[%clk 0:02:21]} Kh5
{[%clk 0:01:14]} 38. Rc1 {[%clk 0:02:18]} Kg5 {[%clk 0:01:13]} 39. a3
{[%clk 0:02:18]} Kh5 {[%clk 0:01:17]} 40. b4 {[%clk 0:32:03]} axb4
{[%clk 0:31:02]} 41. axb4 {[%clk 0:32:28]} cxb4 {[%clk 0:31:24]} 42. cxb4
{[%clk 0:32:54]} Ra6 {[%clk 0:31:14]} 43. Rc5 {[%clk 0:33:14]} Ra2
{[%clk 0:31:35]} 44. Rxe5+ {[%clk 0:33:33]} Kh6 {[%clk 0:31:51]} 45. Kxg4
{[%clk 0:33:47]} Rxe2 {[%clk 0:31:58]} 46. Kxh3 {[%clk 0:34:09]} Kg7
{[%clk 0:31:38]} 47. Rxb5 {[%clk 0:34:31]} Kf6 {[%clk 0:32:01]} 48. Kg4
{[%clk 0:34:48]} 1-0

[Event "MP do 16 lat - chlopcy"]
[Site "Sypniewo"]
[Date "2022.03.27"]
[Round "9.21"]
[White "Kotowicz, Kamil"]
[Black "Kubik, Rafal"]
[Result "1/2-1/2"]
[BlackElo "1732"]
[WhiteElo "1764"]
[LiveChessVersion "1.4.8"]

1. Nf3 {[%clk 1:30:00]} Nf6 {[%clk 1:30:45]} 2. d4 {[%clk 1:29:28]} g6
{[%clk 1:30:41]} 3. Bf4 {[%clk 1:27:14]} Bg7 {[%clk 1:30:22]} 4. c3
{[%clk 1:27:03]} d5 {[%clk 1:30:11]} 5. h3 {[%clk 1:27:04]} c5 {[%clk 1:29:08]}
6. e3 {[%clk 1:27:02]} Nc6 {[%clk 1:28:35]} 7. Bd3 {[%clk 1:25:50]} O-O
{[%clk 1:27:41]} 8. Nbd2 {[%clk 1:26:06]} cxd4 {[%clk 1:25:32]} 9. exd4
{[%clk 1:25:57]} Bf5 {[%clk 1:19:26]} 10. Qc2 {[%clk 1:24:50]} Bxd3
{[%clk 1:18:42]} 11. Qxd3 {[%clk 1:25:10]} Re8 {[%clk 1:17:02]} 12. O-O
{[%clk 1:25:18]} e6 {[%clk 1:12:15]} 13. Rfe1 {[%clk 1:25:20]} Nd7
{[%clk 1:10:08]} 14. Bg3 {[%clk 1:20:08]} Nb6 {[%clk 1:07:27]} 15. a4
{[%clk 1:18:58]} Nc8 {[%clk 1:04:13]} 16. h4 {[%clk 1:10:39]} h5 {[%clk 1:01:38]}
17. Bf4 {[%clk 1:07:40]} Nd6 {[%clk 0:59:31]} 18. g3 {[%clk 1:07:24]} Nf5
{[%clk 0:58:10]} 19. Nb3 {[%clk 1:03:04]} b6 {[%clk 0:55:41]} 20. Qb5
{[%clk 1:01:20]} Nce7 {[%clk 0:52:17]} 21. Nbd2 {[%clk 0:59:50]} Nd6
{[%clk 0:50:53]} 22. Qb4 {[%clk 0:59:43]} Nef5 {[%clk 0:49:32]} 23. Ne5
{[%clk 0:58:54]} Bf8 {[%clk 0:44:29]} 24. Qb3 {[%clk 0:58:29]} Kg7
{[%clk 0:43:40]} 25. Re2 {[%clk 0:47:53]} f6 {[%clk 0:37:43]} 26. Nd3
{[%clk 0:47:15]} Nf7 {[%clk 0:35:54]} 27. Rae1 {[%clk 0:44:37]} Qd7
{[%clk 0:35:16]} 28. Qb5 {[%clk 0:44:39]} Qxb5 {[%clk 0:32:28]} 29. axb5
{[%clk 0:45:02]} Nd8 {[%clk 0:32:43]} 30. Bc7 {[%clk 0:43:17]} Kf7
{[%clk 0:32:08]} 31. Nf4 {[%clk 0:42:31]} Bd6 {[%clk 0:30:51]} 32. Bxd6
{[%clk 0:37:12]} Nxd6 {[%clk 0:30:56]} 33. Kg2 {[%clk 0:36:06]} Rc8
{[%clk 0:29:10]} 34. f3 {[%clk 0:36:10]} Rc7 35. Nb1 {[%clk 0:35:59]} Rce7
{[%clk 0:27:49]} 36. Na3 {[%clk 0:35:31]} N8b7 {[%clk 0:25:32]} 37. Nd3
{[%clk 0:33:21]} Nc4 38. Nxc4 dxc4 {[%clk 0:25:59]} 39. Nb4 {[%clk 0:32:19]} Nd6
{[%clk 0:25:06]} 40. g4 {[%clk 1:02:00]} Nxb5 {[%clk 0:54:21]} 41. g5
{[%clk 1:01:22]} 1/2-1/2

[Event "MP do 16 lat - chlopcy"]
[Site "Sypniewo"]
[Date "2022.03.27"]
[Round "9.22"]
[White "Goral, Jan"]
[Black "Pisarek, Jan"]
[Result "0-1"]
[BlackElo "1703"]
[WhiteElo "1618"]
[LiveChessVersion "1.4.8"]

1. Nf3 {[%clk 1:30:54]} b6 {[%clk 1:30:54]} 2. g3 {[%clk 1:30:20]} Bb7
{[%clk 1:31:20]} 3. Bg2 {[%clk 1:30:41]} c5 {[%clk 1:31:24]} 4. c4
{[%clk 1:30:48]} g6 {[%clk 1:31:27]} 5. O-O {[%clk 1:30:36]} Bg7 {[%clk 1:31:49]}
6. Nc3 {[%clk 1:30:13]} e6 {[%clk 1:31:11]} 7. d4 {[%clk 1:29:38]} cxd4
{[%clk 1:14:02]} 8. Nxd4 {[%clk 1:26:02]} Bxg2 {[%clk 1:14:11]} 9. Kxg2
{[%clk 1:26:30]} Ne7 {[%clk 1:09:10]} 10. e4 {[%clk 1:18:45]} a6 {[%clk 1:05:57]}
11. Be3 {[%clk 1:16:06]} O-O {[%clk 1:04:57]} 12. Qb3 {[%clk 1:14:33]} d6
{[%clk 1:03:15]} 13. Rfd1 {[%clk 1:11:31]} Nd7 {[%clk 1:01:14]} 14. Qc2
{[%clk 1:08:08]} Qc7 {[%clk 0:59:48]} 15. b3 {[%clk 1:05:15]} Rac8
{[%clk 0:57:12]} 16. Rac1 {[%clk 1:05:13]} Rfd8 {[%clk 0:54:14]} 17. Qe2
{[%clk 1:04:16]} Qb7 {[%clk 0:51:39]} 18. f3 {[%clk 0:56:27]} h6 {[%clk 0:47:55]}
19. Qf2 {[%clk 0:55:31]} Kh7 {[%clk 0:32:10]} 20. Kg1 {[%clk 0:42:21]} d5
{[%clk 0:28:49]} 21. cxd5 {[%clk 0:29:21]} exd5 {[%clk 0:29:13]} 22. Bf4
{[%clk 0:27:17]} Ne5 {[%clk 0:17:49]} 23. Bxe5 {[%clk 0:20:48]} Bxe5
{[%clk 0:18:10]} 24. f4 {[%clk 0:20:26]} Bd6 {[%clk 0:09:40]} 25. exd5
{[%clk 0:15:13]} Nxd5 {[%clk 0:07:01]} 26. Ne4 {[%clk 0:06:44]} Be7
{[%clk 0:05:52]} 27. Qf3 {[%clk 0:06:06]} Rxc1 {[%clk 0:05:14]} 28. Rxc1
{[%clk 0:06:34]} Qd7 {[%clk 0:05:30]} 29. f5 {[%clk 0:03:43]} g5 {[%clk 0:04:05]}
30. Ne2 {[%clk 0:02:18]} Nf6 {[%clk 0:03:05]} 31. N2c3 {[%clk 0:01:42]} Qd4+
{[%clk 0:03:00]} 32. Kh1 {[%clk 0:01:40]} Nxe4 {[%clk 0:01:14]} 33. Qxe4
{[%clk 0:02:08]} Bf6 {[%clk 0:01:19]} 34. Qxd4 {[%clk 0:01:12]} Rxd4
{[%clk 0:01:48]} 35. Rd1 {[%clk 0:00:36]} Rxd1+ {[%clk 0:02:08]} 36. Nxd1
{[%clk 0:01:05]} Bd4 {[%clk 0:02:22]} 37. g4 {[%clk 0:01:17]} h5 {[%clk 0:02:15]}
38. h3 {[%clk 0:01:33]} hxg4 {[%clk 0:02:26]} 39. hxg4 {[%clk 0:02:01]} Kg7
{[%clk 0:02:48]} 40. Kg2 {[%clk 0:31:55]} Kf6 {[%clk 0:33:14]} 41. Kf3
{[%clk 0:30:22]} Ke5 {[%clk 0:31:56]} 42. b4 {[%clk 0:21:46]} Kd5
{[%clk 0:21:58]} 43. a3 {[%clk 0:15:58]} b5 {[%clk 0:15:45]} 44. Ne3+
{[%clk 0:13:41]} Bxe3 {[%clk 0:15:55]} 45. Kxe3 {[%clk 0:14:09]} Ke5
{[%clk 0:16:00]} 46. Kd3 {[%clk 0:13:03]} Kf4 {[%clk 0:16:15]} 47. Kd4
{[%clk 0:13:24]} Kxg4 {[%clk 0:16:32]} 48. Ke5 {[%clk 0:13:32]} Kf3
{[%clk 0:16:35]} 49. f6 {[%clk 0:13:42]} Kg4 {[%clk 0:16:09]} 50. Ke4
{[%clk 0:13:10]} Kh5 {[%clk 0:16:15]} 51. Kf5 {[%clk 0:13:19]} g4
{[%clk 0:16:39]} 52. Kf4 {[%clk 0:13:44]} Kh4 {[%clk 0:16:46]} 53. Ke3
{[%clk 0:14:01]} g3 {[%clk 0:16:58]} 54. Ke2 {[%clk 0:14:23]} Kh3
{[%clk 0:17:23]} 55. Kf1 {[%clk 0:14:48]} Kh2 {[%clk 0:17:48]} 0-1

[Event "MP do 16 lat - chlopcy"]
[Site "Sypniewo"]
[Date "2022.03.27"]
[Round "9.23"]
[White "Wiatrowski, Zbigniew"]
[Black "Karut, Kacper"]
[Result "1/2-1/2"]
[BlackElo "1763"]
[WhiteElo "1880"]
[LiveChessVersion "1.4.8"]

1. e4 {[%clk 1:30:59]} c5 {[%clk 1:30:55]} 2. Nf3 {[%clk 1:31:25]} Nc6
{[%clk 1:31:06]} 3. d4 {[%clk 1:31:46]} cxd4 {[%clk 1:31:30]} 4. Nxd4
{[%clk 1:32:14]} Nf6 {[%clk 1:31:41]} 5. Nc3 {[%clk 1:32:37]} d6 {[%clk 1:32:05]}
6. Be2 {[%clk 1:32:55]} e5 {[%clk 1:32:22]} 7. Nf3 {[%clk 1:33:19]} h6
{[%clk 1:32:44]} 8. O-O {[%clk 1:33:43]} Be7 {[%clk 1:30:56]} 9. Re1
{[%clk 1:33:54]} O-O {[%clk 1:28:07]} 10. Bf1 {[%clk 1:33:45]} Be6
{[%clk 1:10:33]} 11. Nd5 {[%clk 1:33:44]} Bxd5 {[%clk 1:10:21]} 12. exd5
{[%clk 1:34:12]} Nb8 {[%clk 1:09:54]} 13. c4 {[%clk 1:34:31]} Nbd7
{[%clk 1:09:49]} 14. Nh4 {[%clk 1:34:39]} Ne8 {[%clk 1:04:15]} 15. Nf5
{[%clk 1:31:43]} Bg5 {[%clk 1:02:02]} 16. Qg4 {[%clk 1:24:12]} Nc5
{[%clk 0:51:11]} 17. b4 {[%clk 1:13:31]} Na6 {[%clk 0:41:46]} 18. c5
{[%clk 0:53:10]} Nac7 {[%clk 0:35:07]} 19. Rd1 {[%clk 0:49:53]} Qf6
{[%clk 0:29:16]} 20. h4 {[%clk 0:45:11]} Bxc1 {[%clk 0:23:54]} 21. Raxc1
{[%clk 0:45:39]} g6 {[%clk 0:20:40]} 22. Ng3 {[%clk 0:38:54]} Qe7
{[%clk 0:17:57]} 23. h5 {[%clk 0:33:34]} Kh7 {[%clk 0:17:55]} 24. Ne4
{[%clk 0:29:15]} Rd8 {[%clk 0:15:06]} 25. Bd3 {[%clk 0:22:21]} Rg8
{[%clk 0:13:14]} 26. cxd6 {[%clk 0:13:26]} Nxd6 {[%clk 0:11:05]} 27. Nf6+
{[%clk 0:12:24]} Qxf6 {[%clk 0:11:15]} 28. Rxc7 {[%clk 0:12:48]} Kh8
{[%clk 0:10:41]} 29. hxg6 {[%clk 0:12:04]} fxg6 {[%clk 0:11:02]} 30. Qh3
{[%clk 0:10:49]} Qg5 {[%clk 0:09:00]} 31. Re1 {[%clk 0:08:53]} Rg7
{[%clk 0:07:32]} 32. Rxg7 {[%clk 0:07:37]} Kxg7 {[%clk 0:07:58]} 33. Qe6
{[%clk 0:07:57]} Nf7 {[%clk 0:07:53]} 34. Re3 Rd6 {[%clk 0:07:27]} 35. Qc8
{[%clk 0:06:40]} Qe7 {[%clk 0:06:11]} 36. Qg4 {[%clk 0:06:28]} Qg5
{[%clk 0:05:03]} 37. Qe4 {[%clk 0:04:48]} Qf4 {[%clk 0:03:36]} 38. Qxf4
{[%clk 0:04:16]} exf4 {[%clk 0:04:01]} 39. Re7 {[%clk 0:04:40]} Kf6
{[%clk 0:03:08]} 40. Rxb7 {[%clk 0:32:26]} Rxd5 {[%clk 0:33:29]} 41. Bc2
{[%clk 0:29:45]} Rd2 {[%clk 0:25:52]} 42. Bb3 {[%clk 0:28:58]} Ne5
{[%clk 0:24:43]} 43. Rxa7 {[%clk 0:28:50]} Ng4 {[%clk 0:22:34]} 44. b5
{[%clk 0:25:02]} Re2 {[%clk 0:19:12]} 45. Rf7+ {[%clk 0:22:58]} Kg5
{[%clk 0:19:19]} 46. g3 {[%clk 0:20:42]} fxg3 {[%clk 0:15:23]} 47. fxg3
{[%clk 0:18:47]} Ne5 {[%clk 0:06:02]} 48. Rf2 {[%clk 0:12:03]} Re4
{[%clk 0:05:21]} 49. Rf4 {[%clk 0:06:30]} Rxf4 {[%clk 0:04:33]} 50. gxf4+
{[%clk 0:06:59]} Kxf4 {[%clk 0:05:02]} 51. a4 {[%clk 0:06:13]} Nd7
{[%clk 0:04:25]} 52. Be6 {[%clk 0:03:10]} Nc5 {[%clk 0:04:12]} 53. b6
{[%clk 0:02:25]} Ke5 {[%clk 0:04:13]} 54. Bf7 {[%clk 0:01:54]} g5
{[%clk 0:03:40]} 55. a5 {[%clk 0:01:28]} Kd6 56. Be8 {[%clk 0:01:19]} Na6
{[%clk 0:02:57]} 57. Bb5 {[%clk 0:01:10]} Nb8 {[%clk 0:02:54]} 58. Be2
{[%clk 0:00:35]} Kc6 {[%clk 0:02:56]} 59. Kg2 {[%clk 0:00:49]} Nd7
{[%clk 0:02:02]} 1/2-1/2

[Event "MP do 16 lat - chlopcy"]
[Site "Sypniewo"]
[Date "2022.03.27"]
[Round "9.24"]
[White "Grzadka, Artur"]
[Black "Trzebinski, Patryk"]
[Result "1/2-1/2"]
[BlackElo "1711"]
[WhiteElo "1710"]
[LiveChessVersion "1.4.8"]

1. d4 {[%clk 1:30:59]} f5 {[%clk 1:30:38]} 2. c4 {[%clk 1:29:58]} e6
{[%clk 1:31:00]} 3. Nc3 {[%clk 1:29:42]} Nf6 {[%clk 1:31:18]} 4. g3
{[%clk 1:30:00]} Be7 {[%clk 1:29:00]} 5. Bg2 {[%clk 1:30:21]} d6 {[%clk 1:29:25]}
6. Nf3 {[%clk 1:29:17]} O-O {[%clk 1:29:38]} 7. O-O {[%clk 1:29:43]} Qe8
{[%clk 1:30:01]} 8. Qc2 {[%clk 1:29:14]} Qh5 {[%clk 1:29:56]} 9. e4
{[%clk 1:26:35]} e5 {[%clk 1:30:02]} 10. dxe5 {[%clk 1:25:10]} dxe5
{[%clk 1:30:14]} 11. Nd5 {[%clk 1:14:14]} Nxd5 {[%clk 1:26:28]} 12. cxd5
{[%clk 1:11:18]} Bd6 {[%clk 1:24:00]} 13. Nh4 {[%clk 1:01:59]} f4
{[%clk 1:10:24]} 14. Bf3 {[%clk 1:00:31]} Bg4 {[%clk 1:08:57]} 15. Qe2
{[%clk 0:58:08]} Bxf3 {[%clk 1:04:54]} 16. Qxf3 {[%clk 0:58:30]} Qxf3
{[%clk 1:02:51]} 17. Nxf3 {[%clk 0:58:55]} fxg3 {[%clk 1:03:13]} 18. fxg3
{[%clk 0:59:19]} Na6 {[%clk 1:03:19]} 19. Bd2 {[%clk 0:52:28]} Nc5
{[%clk 0:57:18]} 20. Rae1 {[%clk 0:51:47]} Nd3 {[%clk 0:56:46]} 21. Rb1
{[%clk 0:51:28]} a5 {[%clk 0:53:02]} 22. Bc3 {[%clk 0:48:25]} b5 {[%clk 0:50:28]}
23. Rbd1 {[%clk 0:44:29]} Nc5 {[%clk 0:50:48]} 24. Nxe5 {[%clk 0:43:52]} b4
{[%clk 0:41:22]} 25. Bd4 {[%clk 0:44:08]} Rxf1+ {[%clk 0:34:54]} 26. Kxf1
{[%clk 0:34:48]} Nxe4 {[%clk 0:34:59]} 27. Re1 {[%clk 0:34:11]} Nf6
{[%clk 0:34:23]} 28. Nc4 {[%clk 0:32:54]} Nxd5 {[%clk 0:30:15]} 29. Nxd6
{[%clk 0:33:08]} cxd6 {[%clk 0:29:56]} 30. Rd1 {[%clk 0:31:55]} Ra6
{[%clk 0:22:27]} 31. Ke2 {[%clk 0:29:26]} g6 {[%clk 0:10:53]} 32. Be5
{[%clk 0:26:04]} dxe5 {[%clk 0:07:07]} 33. Rxd5 {[%clk 0:26:20]} Kf7
{[%clk 0:06:57]} 34. Rxe5 {[%clk 0:21:16]} Re6 {[%clk 0:03:49]} 35. Rxe6
{[%clk 0:21:33]} Kxe6 {[%clk 0:04:18]} 36. Kd3 {[%clk 0:19:33]} Kd5
{[%clk 0:04:03]} 37. b3 {[%clk 0:19:37]} g5 {[%clk 0:01:33]} 38. g4
{[%clk 0:19:26]} Ke5 {[%clk 0:02:02]} 39. Ke3 {[%clk 0:17:50]} Kd5
{[%clk 0:02:11]} 40. Kd3 {[%clk 0:46:55]} Ke5 {[%clk 0:32:37]} 1/2-1/2

[Event "MP do 16 lat - chlopcy"]
[Site "Sypniewo"]
[Date "2022.03.27"]
[Round "9.25"]
[White "Bajer, Tomasz"]
[Black "Garwacki, Kornel"]
[Result "0-1"]
[BlackElo "1512"]
[WhiteElo "1460"]
[LiveChessVersion "1.4.8"]

1. Nf3 {[%clk 1:30:58]} Nf6 {[%clk 1:30:59]} 2. g3 {[%clk 1:31:18]} d5
{[%clk 1:31:19]} 3. Bg2 {[%clk 1:31:34]} g6 {[%clk 1:31:10]} 4. O-O
{[%clk 1:31:38]} Bg7 {[%clk 1:31:06]} 5. d3 {[%clk 1:31:43]} O-O {[%clk 1:31:18]}
6. Nbd2 {[%clk 1:31:38]} c6 {[%clk 1:31:05]} 7. c4 {[%clk 1:31:11]} Re8
{[%clk 1:30:34]} 8. Rb1 {[%clk 1:30:42]} a5 {[%clk 1:30:30]} 9. Qa4
{[%clk 1:26:59]} Ra6 {[%clk 1:28:55]} 10. Nb3 {[%clk 1:26:16]} Nbd7
{[%clk 1:24:27]} 11. c5 {[%clk 1:22:38]} e5 {[%clk 1:07:58]} 12. Bg5
{[%clk 1:09:57]} h6 {[%clk 1:04:33]} 13. Bxf6 {[%clk 1:10:05]} Bxf6
{[%clk 1:03:46]} 14. Nfd2 {[%clk 1:08:18]} Be7 {[%clk 0:56:37]} 15. Rfc1
{[%clk 1:05:30]} f5 {[%clk 0:54:09]} 16. e4 {[%clk 0:58:43]} Nf6 {[%clk 0:52:53]}
17. Re1 {[%clk 0:56:00]} Bf8 {[%clk 0:49:58]} 18. Rbd1 {[%clk 0:50:38]} Bd7
{[%clk 0:47:29]} 19. Re2 {[%clk 0:42:57]} b5 {[%clk 0:46:36]} 20. Qa3
{[%clk 0:40:50]} Qc7 {[%clk 0:40:50]} 21. Rde1 {[%clk 0:36:03]} Kh7
{[%clk 0:40:34]} 22. Nf3 {[%clk 0:34:49]} fxe4 {[%clk 0:38:44]} 23. dxe4
{[%clk 0:35:03]} b4 {[%clk 0:36:45]} 24. Qa4 {[%clk 0:35:08]} Nxe4
{[%clk 0:36:20]} 25. Rc2 {[%clk 0:33:38]} Bg7 {[%clk 0:33:43]} 26. a3
{[%clk 0:33:36]} Rb8 {[%clk 0:31:28]} 27. Nbd2 {[%clk 0:32:24]} Bf5
{[%clk 0:29:01]} 28. Nxe4 {[%clk 0:28:34]} Bxe4 29. Rce2 {[%clk 0:28:52]} Bd3
{[%clk 0:27:52]} 30. Re3 {[%clk 0:29:17]} e4 {[%clk 0:27:54]} 31. Rxd3
{[%clk 0:28:49]} exd3 {[%clk 0:28:13]} 32. Qd1 {[%clk 0:29:05]} Bxb2
{[%clk 0:25:56]} 33. Qxd3 {[%clk 0:28:39]} Ra7 {[%clk 0:25:45]} 34. Nh4
{[%clk 0:29:03]} Rg8 {[%clk 0:25:02]} 35. Re6 {[%clk 0:28:47]} Qf7
{[%clk 0:18:14]} 36. Rxc6 {[%clk 0:27:28]} Rd7 {[%clk 0:16:57]} 37. Bh3
{[%clk 0:26:25]} bxa3 {[%clk 0:14:38]} 38. Be6 {[%clk 0:26:03]} a2
{[%clk 0:10:26]} 39. Bxf7 {[%clk 0:26:23]} a1=Q+ 40. Kg2 {[%clk 0:56:48]} Rxf7
{[%clk 0:40:41]} 41. Nxg6 {[%clk 0:20:06]} Kg7 {[%clk 0:25:06]} 42. Nh4
{[%clk 0:18:05]} Qa4 {[%clk 0:09:44]} 43. Qg6+ {[%clk 0:16:35]} Kh8
{[%clk 0:09:59]} 44. Qxh6+ {[%clk 0:13:22]} Rh7 {[%clk 0:10:26]} 45. Ng6+
{[%clk 0:13:40]} Rxg6 {[%clk 0:10:55]} 46. Qxg6 {[%clk 0:14:04]} Qe4+
{[%clk 0:10:22]} 47. Qxe4 {[%clk 0:14:15]} dxe4 {[%clk 0:10:51]} 48. Rc8+
{[%clk 0:13:56]} Kg7 {[%clk 0:11:15]} 49. Ra8 {[%clk 0:13:26]} Bc3
{[%clk 0:11:13]} 50. c6 {[%clk 0:13:08]} Kf6 {[%clk 0:09:44]} 51. Kf1
{[%clk 0:12:40]} Ke6 {[%clk 0:09:03]} 52. Ke2 {[%clk 0:12:03]} Kd5
{[%clk 0:06:37]} 53. Ke3 {[%clk 0:09:19]} Bd4+ {[%clk 0:05:42]} 54. Ke2
{[%clk 0:09:02]} Bb6 {[%clk 0:05:36]} 55. h4 {[%clk 0:08:21]} Rf7
{[%clk 0:05:21]} 56. h5 {[%clk 0:07:23]} Rxf2+ {[%clk 0:05:05]} 57. Ke1
{[%clk 0:07:49]} Rh2 {[%clk 0:04:23]} 58. g4 {[%clk 0:07:48]} Kd4
{[%clk 0:02:19]} 59. Rb8 {[%clk 0:07:12]} Bc7 {[%clk 0:01:48]} 60. Rb7
{[%clk 0:07:15]} Bg3+ {[%clk 0:02:03]} 61. Kd1 {[%clk 0:06:47]} e3
{[%clk 0:01:56]} 62. Re7 {[%clk 0:06:35]} Rh1+ {[%clk 0:01:16]} 63. Ke2
{[%clk 0:05:39]} Rc1 {[%clk 0:01:22]} 64. Rxe3 {[%clk 0:04:52]} Re1+
{[%clk 0:01:09]} 65. Kd2 {[%clk 0:04:24]} Rxe3 {[%clk 0:01:33]} 66. g5
{[%clk 0:04:40]} Bf4 {[%clk 0:01:30]} 67. Kd1 {[%clk 0:04:30]} Bxg5
{[%clk 0:01:48]} 0-1